Statistics for Answers Contain "Bay"

Click here to take the quiz!

General Stats

  • This quiz has been taken 270 times
  • The average score is 12 of 21

Answer Stats

ClueAnswer% Correct
Beach lifeguards, the seriesBaywatch
92%
Stabbing weapon at the
end of a rifle
Bayonet
84%
Mumbai's former nameBombay
83%
Site of a failed invasion
planned by the U.S.
Bay of Pigs
80%
U.S. naval base in CubaGuantánamo Bay
80%
Where the Packers are basedGreen Bay
78%
Where the Ganges emptiesBay of Bengal
75%
Huge ocean bay of CanadaHudson Bay
75%
Slow moving river or swamp
in Louisiana
Bayou
65%
North of Spain, west of FranceBay of Biscay
64%
Director of explosive moviesMichael Bay
56%
Ocean bay of MarylandChesapeake Bay
55%
Oakland, San Jose, Napa, etc.Bay Area
53%
German for "Bavaria"Bayern
52%
Popular Jamaican destination
featured in "Kokomo"
Montego Bay
48%
Bay with world's highest tidesBay of Fundy
47%
Florida's largest natural harborTampa Bay
39%
Rock band from EdinburghBay City Rollers
31%
Big Hero 6's robot protagonistBaymax
23%
Picturesque bay in Vietnam composed
of about 2000 small islands
Hạ Long Bay
18%
Namibia's only harborWalvis Bay
15%

Score Distribution

Percentile by Number Answered

Percent of People with Each Score

Your Score History

You have not taken this quiz